000 00552nam a2200169 i 4500
001 84081
003 ES-MaACL
005 20230906174936.0
007 t|
008 041119s1942 sp ||||1| spa d
100 1 _aJavierre Mur, Aurea Lucinda.
_966211
245 1 0 _aMaría de Luna, reina de Aragón /
_cAurea L. Javierre Mur.
260 _aMadrid :
_b[s.n.,
_c1942] (
_fDiana Artes Gráficas)
300 _a334 p., 1 lám. ;
_c25 cm.
600 1 4 _aMaría
_cReina consorte de Martín I, Rey de Aragón.
_9157639
852 _aES-MaACL
_jF-15684
_bR.20027
999 _c84081
_d84081